00469nam a22001577a 4500020001800000082002100018100001500039245003900054260003300093300001000126650002300136650001500159942000700174999001900181952011100200 a9789388720946 aGAN 181.4bGAN/I aGandhi M K aIndia of my dreams/cby Gandhi M K aDelhi:bPharos Books,c2020. a227p. aPhilosophy Gandhi  aPhilosophy cBK c181513d181513 00104070aSSUSbSSUScSTACKSd2026-05-15g225.00l0oGAN 181.4 GAN/Ip108691r2026-05-15w2026-05-15yBK